000 00509nam a2200193Ia 4500
001 4318
008 140318s9999 xx 000 0 und d
020 _a81-7029-491-6
040 _cPK-LaUMT
082 _a 004.68
_bSAS-F
100 _aMcLaughlin, Robert, Jt. Auth.
245 _aFix your own LAN
_cMcLaughlin, Robert, Jt. Auth.<>Sasser, Susan B.
250 _a2nd
260 _aNew Delhi,India:
_bBPB Publications,
_c1994
300 _a326 p.
546 _aEN
700 _aSasser, Susan B.
942 _cBK
999 _c4508
_d4508